000 00756cam a2200241 a 4500
001 000005315
005 20200929151637.0
008 970203s1996 sp b 001 f spa
020 _a8437614562
040 _aDO-SdBNP
_cDLC
_dDLC
082 _a863.62
_bB361l
100 1 _aBayo, Ciro,
_d1860-1939.
_915085
245 1 0 _aLazarillo español /
_cCiro Bayo ; edición, José Esteban.
260 _aMadrid :
_bCátedra,
_c1996.
300 _a305 p. ;
_c18 cm.
440 0 _aLetras Hispánicas ;
_v414
_94208
504 _aIncluye referencias bibliográficas (p. 45-48).
650 4 _aNovela española
_91123
650 4 _aLiteratura española
_9632
700 1 _aEsteban, José,
_d1935-,
_eed.
_915086
910 _aCatalogación por copia / LC
910 _aWM
999 _c5116
_d5116